000 00284nam a2200121Ia 4500
999 _c4080
_d4080
008 200302s9999 xx 000 0 und d
100 _aRobert W. Gill
245 _aRendering with Pen and Ink
260 _bThames and Hudson Ltd.
260 _c1973
300 _a400 P.,
942 _2ddc